000 00468cam a2200169 a 4500
020 _a9781256808848
020 _a0135091497
020 _a1256808849
050 0 0 _aHF5548.4.M52
_bE97 2012
245 0 0 _aExploring Microsoft Office 2010 :
_bExcel skills /
_cHumber College
250 _aCanadian ed.
260 _aBoston, MA [USA] :
_bPearson Learning Solutions
_cc2012.
300 _avi, 536 p. :
500 _aill.
650 0 _xComputer programs.
942 _2lcc
_cGEN
999 _c8749
_d8749